00866 2200265 4500001002100000005001500021035002500036008004100061040002200102082001200124084001400136245014200150250003700292260007600329300003700405650001200442850001200454007000300466090002200469100002100491999002200512990002200534990002200556990002200578INLIS00000000001720120221221093048 a0010-021600000000289160204s2011 yoia 000 0 d aYOPDYOGbinderda04223a017 a017 HER k10aKatalog koleksi arca perunggu :bBalai Pelestarian Peninggalan Purbakala Yogyakarta /cHerni Pramastuti; penyunting, Ign. Eka Hadiyananta aEdisi Revisi, Cetakan Kedua 201131aYogyakarta :bBalai Pelestarian Peninggalan Purbakala Yogyakarta,c2011 a96 halaman :bilustrasi ;c24 cm 4aKatalog aYOPDYOGta aCB-D.11 2011-25110 aHerni Pramastuti aCB-D.11/2011-2511 aCB-D.11/2011-2511 aCB-D.11/2011-2550 aCB-D.11/2011-2551